00257nam a2200109Ia 4500008004100000100001600041245002700057260002600084650001300110942000700123999001700130190216s9999||||xx |||||||||||||| ||und|| aAmam Jaitly 0aInternational Politics bSterling Publications aPolitics cBK c34850d34850